অনশ্বর / (Record no. 52453)
[ view plain ]
| 000 -LEADER | |
|---|---|
| fixed length control field | 00962nam a2200229 a 4500 |
| 001 - CONTROL NUMBER | |
| control field | 52453 |
| 003 - CONTROL NUMBER IDENTIFIER | |
| rucl marc code | BD-RjUL |
| 005 - DATE AND TIME OF LATEST TRANSACTION | |
| control field | 20211209075816.0 |
| 008 - FIXED-LENGTH DATA ELEMENTS--GENERAL INFORMATION | |
| fixed length control field | 160920s1972 ii ||||| |||| 00| 0 ben d |
| 035 ## - SYSTEM CONTROL NUMBER | |
| System control number | (BD-RjUL)52573 |
| 040 ## - CATALOGING SOURCE | |
| Original cataloging agency | BD-RjUL |
| Language of cataloging | ben |
| Transcribing agency | BD-RjUL |
| Modifying agency | BD-RjUL |
| 041 ## - LANGUAGE CODE | |
| Language code of text/sound track or separate title | ben |
| 082 ## - DEWEY DECIMAL CLASSIFICATION NUMBER | |
| Edition number | 23 |
| Classification number | 891.443 |
| Author mark and year | BHO 1972 |
| 100 ## - MAIN ENTRY--PERSONAL NAME | |
| Personal name | বন্দোপাধ্যায়, বিভূতিভূষণ |
| 9 (RLIN) | 126208 |
| 245 10 - TITLE STATEMENT | |
| Title | অনশ্বর / |
| Statement of responsibility, etc. | বিভূতিভূষণ বন্দোপাধ্যায় ও তারাদাস বন্দোপাধ্যায় |
| 260 ## - PUBLICATION, DISTRIBUTION, ETC. (IMPRINT) | |
| Place of publication, distribution, etc. | কলিকাতা : |
| Name of publisher, distributor, etc. | মিত্র ও ঘোষ, |
| Date of publication, distribution, etc. | ১৯৭২.[১৩৭৯] |
| 300 ## - PHYSICAL DESCRIPTION | |
| Pagination | [৬], ১৩৫ পৃ. ; |
| Size | ২৩ সেমি. |
| 650 ## - SUBJECT ADDED ENTRY--TOPICAL TERM | |
| Topical term or geographic name as entry element | বাংলা উপন্যাস |
| 9 (RLIN) | 156910 |
| Topical term or geographic name as entry element | Bengali Fiction |
| 9 (RLIN) | 156911 |
| 700 ## - ADDED ENTRY--PERSONAL NAME | |
| Personal name | বন্দোপাধ্যায়, তারাদাস |
| 942 ## - ADDED ENTRY ELEMENTS (KOHA) | |
| Source of classification or shelving scheme | Dewey Decimal Classification |
| Koha item type | Books |
| Lost status | Source of classification or shelving scheme | Damaged status | Not for loan | Collection code | Permanent Location | Current Location | Shelving location | Date acquired | Source of acquisition | Cost, normal purchase price | Total Checkouts | Full call number | Date last seen | Copy number | Koha item type |
|---|---|---|---|---|---|---|---|---|---|---|---|---|---|---|---|
| Dewey Decimal Classification | Fiction | Central Library, University of Rajshahi | Central Library, University of Rajshahi | 20/09/2016 | Jonathan waren and com. | 5.00 | B 891.443 BHO 1972 | 20/09/2016 | C-2 | Books |